| 000 | 01265nam a2200229 4500 | ||
|---|---|---|---|
| 999 |
_c56757 _d56757 |
||
| 003 | |||
| 005 | 20190421020025.0 | ||
| 008 | 190419s2012 ge ||||| |||| 00| 0 geo d | ||
| 020 | _a978994146445 | ||
| 041 | _ageo | ||
| 080 | _a340.12 | ||
| 100 |
_aბურჯალიანი, არსენ _9221 |
||
| 245 |
_aსამართლის ფილოსოფია / _cარსენ ბურჯალიანი ; რედ.: ირაკლი კალანდია, ალექსქნდრე ალადაშვილი ; საქართველოს ფილოსოფიურ მეცნიერებათა აკადემია. |
||
| 264 |
_aთბილისი : _bcarpe diem, _c2012. |
||
| 300 |
_a239 გვ. ; _c21 სმ. |
||
| 653 | _aსამართალი | ||
| 653 | _aსამართლის ფილოსოფია | ||
| 700 |
_aკალანდია ,ირაკლი _eრედაქტორი _9223 |
||
| 700 |
_aალადაშვილი, ალექსანდრე _eრედაქტორი _9224 |
||
| 710 |
_aსაქართველოს ფილოსოფიურ მეცნიერებათა აკადემია _9225 |
||
| 942 |
_2udc _cBK |
||